[Event "Stay Safe Play From Home 194"]
[Site "T#646519Emanuel Laske"]
[Date "2020.06.02"]
[Round "2"]
[White "Tobo Rubirosa"]
[Black "Konmos"]
[Result "0-1"]
[WhiteElo "1513"]
[BlackElo "1666"]
[Annotator "NA RC"]
[PlyCount "44"]
[EventDate "2020.06.02"]
[EventType "swiss (blitz)"]

1. Nf3 {[%emt 0:00:03]} e5 {[%emt 0:00:01]} 2. Nxe5 {[%emt 0:00:03]} Nc6 {[%emt 0:00:00]} 3. Nxc6 {[%emt 0:00:01]} bxc6 {[%emt 0:00:00]} 4. e4 {[%emt 0:00:02]} d5 {[%emt 0:00:00]} 5. d3 {[%emt 0:00:03]} dxe4 {[%emt 0:00:01]} 6. dxe4 {[%emt 0:00:01]} Qh4 {[%emt 0:00:03]} 7. Nc3 {[%emt 0:00:04]} Bc5 {[%emt 0:00:01]} 8. g3 {[%emt 0:00:02]} Qf6 {[%emt 0:00:02]} 9. Qe2 {[%emt 0:00:04]} Bg4 {[%emt 0:00:01]} 10. Qd2 {[%emt 0:00:03]} Rd8 {[%emt 0:00:02]} 11. Nd5 {[%emt 0:00:06]} cxd5 {[%emt 0:00:02]} 12. Bb5+ {[%emt 0:00:05]} Kf8 {[%emt 0:00:02]} 13. O-O {[%emt 0:00:03]} Bh3 {[%emt 0:00:02]} 14. Re1 {[%emt 0:00:03]} Qf3 {[%emt 0:00:01]} 15. Bf1 {[%emt 0:00:03]} Bxf1 {[%emt 0:00:06]} 16. Rxf1 {[%emt 0:00:01]} Nf6 {[%emt 0:00:02]} 17. e5 {[%emt 0:00:02]} Ne4 {[%emt 0:00:02]} 18. Qd3 {[%emt 0:00:01]} Bxf2+ {[%emt 0:00:03]} 19. Rxf2 {[%emt 0:00:03]} Qxf2+ {[%emt 0:00:01]} 20. Kh1 {[%emt 0:00:01]} Qe1+ {[%emt 0:00:05]} 21. Kg2 {[%emt 0:00:01]} h5 {[%emt 0:00:02]} 22. Bg5 {[%emt 0:00:05]} Qxa1 {[%emt 0:00:05] Tiempo (Lag: Av=1.05s, max=1.4s)} 0-1

[Event "Stay Safe Play From Home 194"]
[Site "T#646519Emanuel Laske"]
[Date "2020.06.02"]
[Round "3"]
[White "AChessPlayer"]
[Black "XShot"]
[Result "0-1"]
[WhiteElo "2386"]
[BlackElo "2508"]
[Annotator "TA"]
[PlyCount "84"]
[EventDate "2020.06.02"]
[EventType "swiss (blitz)"]

{[%evp 10,84,50,48,83,44,85,74,95,70,69,63,70,20,36,7,27,9,31,0,0,0,12,-35,0,-14,0,0,164,34,82,33,126,65,43,48,55,66,75,-266,-272,-272,-265,-270,-260,-249,-247,-254,-244,-246,-179,-186,-174,-187,-172,-318,-312,-307,-297,-320,-321,-304,-307,-289,-288,-309,-265,-1081,-1052,-29987,-29988,-29988,-29989,-29992,-29993,-29993,-29994]} 1. e4 c6 2. Nf3 d5 3. Nc3 dxe4 4. Nxe4 Nf6 5. Nxf6+ gxf6 6. d4 h5 {B16: Caro-Kann: Bronstein-Larsen Variation.} 7. h3 h4 8. Bd3 Bf5 {[%mdl 64] [#] Decoy. White is better.} 9. Bxf5 $146 ({Predecessor:} 9. c3 Qd7 10. Qe2 Na6 11. Bxa6 bxa6 12. Qxa6 Be4 13. Qe2 Qd5 14. c4 Qf5 15. Bd2 {1-0 (84) Zorko,J (2454)-Dzhumagaliev,Y (2400) Tallinn 2016}) 9... Qa5+ 10. c3 Qxf5 11. Qe2 Nd7 12. Be3 e6 13. O-O-O a5 (13... Be7 {keeps more tension.} 14. d5 exd5 15. Rhe1 Bd6 16. Nd4 Qg6) 14. Qc2 (14. Rd2 {is interesting.} a4 15. c4 a3 16. b3 O-O-O 17. Rdd1) 14... Qxc2+ 15. Kxc2 a4 16. b3 Nb6 17. c4 axb3+ 18. axb3 Kd7 $2 (18... Bh6 $11 {and Black has nothing to worry.}) 19. Ra1 (19. d5 $1 $18 {[%cal Rd5e6] Black must now prevent dxe6+.} Nxd5 20. cxd5 cxd5 21. Ra1) 19... Be7 20. d5 c5 {[#]} (20... Rxa1 $1 $14 21. Rxa1 Nc8) 21. dxe6+ (21. Rxa8 $1 $16 Nxa8 22. Rd1) 21... fxe6 $14 22. Rhd1+ Kc6 23. Rxa8 Nxa8 24. Nxh4 $2 {[%mdl 8192] White does not recover from this.} (24. b4 $16) 24... Rxh4 $19 25. Rh1 Rh8 26. h4 Nc7 27. h5 e5 28. g4 Ne6 29. Kd3 Bf8 30. Ke4 Kd7 31. Kf5 {[#]} Ke7 $1 32. f3 (32. Ra1 $142) 32... Kf7 33. Ke4 Nd4 34. Bxd4 cxd4 {[%mdl 4096] Endgame KRB-KR} ({Don't take} 34... exd4 35. f4 $19) 35. Ra1 {intending Ra7.} Bc5 36. Ra5 Be7 37. Ra7 Rb8 38. Kf5 $2 (38. Kd3) 38... Rd8 39. Rxb7 d3 {Black mates.} 40. g5 fxg5 41. h6 d2 42. h7 d1=Q {Accuracy: White = 49%, Black = 71%.} 0-1

[Event "Stay Safe Play From Home 194"]
[Site "T#646519Emanuel Laske"]
[Date "2020.06.02"]
[Round "3"]
[White "Rogan"]
[Black "Broken sword"]
[Result "0-1"]
[WhiteElo "2245"]
[BlackElo "2519"]
[Annotator "TA"]
[PlyCount "78"]
[EventDate "2020.06.02"]
[EventType "swiss (blitz)"]

{[%evp 9,78,28,36,36,53,50,68,43,49,53,85,23,28,20,37,0,0,-6,-10,-13,0,-133,-130,-205,-104,-156,-156,-162,-47,-51,-62,-57,-27,-25,-11,-11,-11,-11,-11,-11,-12,-12,-2,-30,-26,-20,0,0,0,0,0,0,0,0,12,16,77,0,0,-45,0,0,0,0,0,-160,-149,-244,-237,-29982,-29982]} 1. d4 d5 2. c3 c6 3. Bg5 Qb6 4. Qc2 Bg4 5. Nd2 {[#]} Bh5 $146 ({Predecessor:} 5... Nd7 6. e4 e6 7. Bd3 Be7 8. Bf4 c5 9. exd5 exd5 10. Ngf3 Ngf6 11. O-O O-O {1-0 (33) Percivaldi,M (2391)-Sensay,E (2009) Barcelona 2019}) 6. e4 {D00: 1 d4 d5: Unusual lines.} Bg6 7. Bd3 e6 8. Ngf3 {White is slightly better.} Nd7 9. O-O Ngf6 10. Bxf6 (10. e5 $16 Bxd3 11. Qxd3) 10... Nxf6 $11 11. Rfe1 Be7 12. Qb3 O-O 13. Qxb6 axb6 14. a3 b5 15. Nh4 (15. Ne5 $11) 15... Bxe4 $1 $17 16. Nxe4 (16. Bxe4 $17 Nxe4 17. Nhf3) 16... Nxe4 (16... dxe4 $19 17. Bxe4 Nxe4 18. Rxe4 f5 19. Nxf5 Rxf5 20. Rxe6 Bf6) 17. Bxe4 (17. Nf3 $142) 17... dxe4 18. g3 Bxh4 (18... g5 $19 19. Ng2 f5) 19. gxh4 $19 {[%mdl 4096] Endgame KRR-KRR} f5 {[#]} 20. f3 $1 {[%mdl 512]} exf3 21. Rxe6 Rae8 22. Rae1 Rxe6 23. Rxe6 $11 {KR-KR} Kf7 24. Re5 g6 25. Kf2 Kf6 26. Re3 Rd8 27. Kxf3 Rd5 28. Re8 c5 29. dxc5 Rxc5 30. Rh8 Rc7 31. Rf8+ Kg7 32. Rd8 Kf6 {[#]} (32... Rc4 $11 {keeps the balance.}) 33. Ke3 ({White should play} 33. Rd6+ $1 $16 Ke5 34. Rb6) 33... Re7+ 34. Kd3 f4 35. Rf8+ Ke5 36. Ke2 Ke4 37. Rd8 $2 {[#]} ({Better is} 37. h3 $11) 37... Kf5+ $1 $17 38. Kf2 (38. Kf3 $17 Re3+ 39. Kf2) 38... Kg4 $19 39. Rd7 $2 (39. Rf8 $19) 39... Rxd7 {Accuracy: White = 53%, Black = 72%.} 0-1

[Event "Stay Safe Play From Home 194"]
[Site "T#646519Emanuel Laske"]
[Date "2020.06.02"]
[Round "3"]
[White "Mepe_Nika"]
[Black "NeatFox"]
[Result "1-0"]
[WhiteElo "2215"]
[BlackElo "1827"]
[Annotator "TA"]
[PlyCount "63"]
[EventDate "2020.06.02"]
[EventType "swiss (blitz)"]

{[%evp 9,62,-367,-367,-380,-377,-381,-373,-382,-374,-371,-379,-402,-409,-440,-448,-438,-435,-479,-465,-488,-487,-639,-629,-616,-619,-832,-798,-1020,-997,-947,-910,-927,-890,-1295,-638,-1356,-750,-1236,-620,-1144,420,425,2025,675,601,569,29988,29989,29990,29991,29997,29998,29998,29999,29999]} 1. d4 c6 2. c4 d5 3. cxd5 cxd5 4. Bg5 {[#]} e6 $146 ({Predecessor:} 4... Nc6 5. Nc3 Nf6 6. Bxf6 gxf6 7. e3 e6 8. Bd3 Bd6 9. Nf3 f5 10. g3 Bd7 11. O-O Rc8 12. Rc1 O-O 13. a3 Kh8 {½-½ (55) Giri,A (2768)-Van Foreest,J (2644) Wijk aan Zee 2020}) 5. Nc3 Qxg5 6. Nf3 {D10: Slav Defence: 3 cxd5 (without early Nf3) and 3 Nc3.} Qd8 7. e3 Be7 8. Bb5+ {Black is winning.} Bd7 9. Bd3 Nf6 10. h4 O-O 11. h5 h6 12. Ne5 Nc6 13. f4 Nxe5 14. fxe5 {[#]} Ne4 $1 15. Nxe4 dxe4 16. Bxe4 f5 17. Bxb7 Rb8 18. Qf3 Qa5+ 19. Kf2 Qd2+ 20. Kg3 Bg5 21. Rac1 {[%cal Ba1c1,Bc1c7,Bc7a7][%mdl 32]} Qxb2 (21... f4+ $142 22. Kh2 fxe3) 22. Rc7 Be8 {...f4+ is the strong threat.} 23. Rhc1 Qxa2 24. d5 exd5 $4 {[%mdl 8192]} (24... f4+ $19 {and all is fine.} 25. Kh2 fxe3) 25. Bxd5+ $18 {[%mdl 64] Double Attack} Bf7 (25... Qxd5 $142 26. Qxd5+ Kh7) 26. Bxa2 (26. Rxf7 $142 Qxd5 27. Rxf8+ Rxf8 28. Qxd5+ Kh8 29. Rc7) 26... Bxa2 27. Rxa7 Rb4 28. Rcc7 {White mates.} Bh4+ {[#]} 29. Kh2 $1 g5 30. Rg7+ Kh8 31. Rh7+ {[%mdl 64] Double Attack} Kg8 32. Rag7# {Accuracy: White = 39%, Black = 51%.} 1-0

[Event "Stay Safe Play From Home 194"]
[Site "T#646519Emanuel Laske"]
[Date "2020.06.02"]
[Round "3"]
[White "Toosieslide"]
[Black "Buzaglo"]
[Result "1-0"]
[WhiteElo "2192"]
[BlackElo "1887"]
[Annotator "TA"]
[PlyCount "69"]
[EventDate "2020.06.02"]
[EventType "swiss (blitz)"]

{[%evp 15,68,4,4,11,39,26,32,28,35,25,29,20,22,-29,-31,-68,0,0,31,-104,-2,-105,-76,-147,-150,-224,-237,-291,-307,-285,29992,29993,29993,29989,29989,29990,29988,29989,29988,29987,29988,29973,29971,29973,29962,29962,29993,29994,29994,29995,29996,29997,29997,29998,29999]} 1. d4 e6 2. c4 d5 3. Nc3 Nf6 4. cxd5 exd5 5. Bg5 c6 6. e3 Be7 7. Bd3 Ne4 8. Bxe7 {8.Bf4 is the hot move.} Qxe7 9. Nge2 {D35: Queen's Gambit Declined: Exchange Variation.} Nxc3 10. Nxc3 Nd7 11. O-O {White is slightly better.} Nf6 {[#]} 12. Re1 $146 ({Predecessor:} 12. Qc2 O-O 13. Rae1 Qd6 14. f3 Bd7 15. Qd2 Rad8 16. Bb1 Bc8 17. Rd1 Rfe8 18. Rfe1 {1-0 (42) Liptak,D (2086)-Fabry,R (2190) Slovakia 2010}) 12... O-O 13. f3 Be6 14. e4 (14. Rc1 $142) 14... dxe4 $11 15. fxe4 Bg4 (15... Rad8 $15 16. e5 Nd5) 16. Qd2 Bh5 17. Qg5 (17. e5 $14 {keeps the upper hand.} Ne8 18. Ne4) 17... Bg6 (17... Qb4 $17 {next ...Rad8 is good for Black.} 18. e5 Qxd4+ {[%mdl 64] Double Attack} 19. Kh1 h6) 18. Rf1 (18. Bc2 $11) 18... h6 19. Qh4 (19. Qd2 $142) 19... Qd8 $17 20. e5 (20. Ne2 $17) 20... Bxd3 $19 21. exf6 Bxf1 22. Rxf1 g5 $4 {[%mdl 8192] [#]} (22... Re8 $19 23. Rf4 Re6 24. fxg7 Qxh4 25. Rxh4 Kxg7) 23. Qxh6 {[%csl Gf6][%cal Rh6g7] White mates.} Qxd4+ 24. Kh1 {[%csl Gf6][%cal Rh6g7]} Qxf6 25. Rxf6 Rfe8 26. Qxg5+ Kf8 27. Qh6+ Ke7 28. Rf3 Rad8 29. h3 Kd7 30. Rxf7+ Kc8 31. Qg7 Re1+ 32. Kh2 b5 33. Rc7+ Kb8 34. Rb7+ Kc8 35. Qc7# {Accuracy: White = 35%, Black = 50%.} 1-0

[Event "Stay Safe Play From Home 194"]
[Site "T#646519Emanuel Laske"]
[Date "2020.06.02"]
[Round "3"]
[White "SoulofWolf"]
[Black "Haxhi Baha"]
[Result "1-0"]
[WhiteElo "2185"]
[BlackElo "1941"]
[Annotator "TA"]
[PlyCount "93"]
[EventDate "2020.06.02"]
[EventType "swiss (blitz)"]

{[%evp 9,93,49,36,28,68,20,56,8,11,6,42,12,26,26,64,59,76,68,71,65,62,38,61,60,70,60,75,15,14,0,310,170,182,118,106,96,234,187,269,144,351,366,297,0,-2,-6,-6,-2,-6,-4,-11,-91,-70,-181,-176,-255,-255,-348,108,-320,-331,-290,-143,-175,-176,-386,-384,-472,-425,-505,-450,-995,-981,-4964,-4555,-2297,-1782,-1565,-1221,-5518,-5166,-29975,-29974,-6275,-5310,-29980]} 1. c4 d6 2. Nf3 e5 3. e3 Nc6 4. Nc3 Bf5 5. a3 Nf6 {[#]} 6. b4 $146 {[%cal Bb2b4,Bb4b5][%mdl 32] A20: English Opening: 1...e5.} ({Predecessor:} 6. d3 e4 7. Ng5 exd3 8. Bxd3 Bxd3 9. Qxd3 Ne5 10. Qe2 Be7 11. Nf3 Nfd7 12. O-O O-O 13. Nd5 {0-1 (60) Ulevicius,P (1413)-Mockus,D (1577) Kaunas 2016}) 6... Qd7 7. Bb2 Be7 8. b5 {White is slightly better.} Na5 9. d3 b6 10. Qc2 O-O 11. Be2 c5 ({Don't play} 11... Nxc4 $6 12. e4 $16) 12. O-O Qb7 13. e4 Be6 14. Ng5 Bd7 15. h3 h6 16. Nf3 Be6 17. Nh2 Nd7 18. f4 (18. a4 $16) 18... exf4 $11 19. Rxf4 f5 $2 {[%mdl 8192]} (19... Bg5 $11 {and Black is okay.} 20. Rff1 Bf6) 20. Bf3 (20. exf5 $142 $1 Ne5 21. fxe6 Rxf4 22. Nd5) 20... Ne5 $18 21. exf5 (21. Re1 $1 $18) 21... Nxf3+ $16 22. Rxf3 Bxf5 (22... Rxf5 $16 {keeps fighting.} 23. Re1 Rxf3 24. Nxf3 Bf7) 23. Raf1 $1 $18 Be6 (23... Bg6 {is a better defense.} 24. Nd5 Rxf3 25. Rxf3 (25. Nxf3 Re8 $16) 25... Bg5) 24. Ne4 (24. Qe2 $18 Bf7 25. Ne4) 24... d5 $2 {[#]} (24... Rxf3 $16 25. Rxf3 Bh4) 25. cxd5 $1 Qxd5 {[#]} 26. Qc3 $2 (26. Rg3 $1 $18 {[%cal Rg3g7]} g5 27. h4 (27. Qc3 Qd4+ 28. Qxd4 Rxf1+ 29. Kxf1 cxd4 $11)) 26... Qd4+ $1 $11 27. Qxd4 cxd4 28. Bxd4 Rxf3 29. Rxf3 Nb3 $36 {[%mdl 2048] Black has the initiative.} 30. Be3 (30. Bb2 $11 {remains equal.}) 30... Bxa3 31. Rf1 (31. Ng4 $15) 31... Rd8 $19 32. d4 (32. Rd1 $142) 32... Nxd4 33. Bxd4 Rd5 $2 (33... Rxd4 $19 34. Ra1 Bb2) 34. Nf2 $2 {[%mdl 8192]} (34. Nf3 $16 {and life is bright.}) 34... Rxd4 35. Nf3 Rb4 (35... Rd5 $19 {has better winning chances.} 36. g4 Rxb5) 36. Re1 Bc4 37. Rd1 $2 (37. Ra1 Bb2 38. Rxa7) 37... Bxb5 38. Ne5 Rb2 {Threatens to win with ...Bc5.} 39. Ned3 Rc2 40. Nf4 (40. g3 $142) 40... Bc5 41. N4d3 Bxd3 42. Rxd3 Rxf2 {KRB-KR} 43. Kh2 Rc2 44. Rd8+ Kh7 45. Rd7 a5 46. Kg3 a4 47. h4 {[%mdl 32768] Black used his chance. Accuracy: White = 35%, Black = 52%. . Loss on time!?} 1-0

[Event "Stay Safe Play From Home 194"]
[Site "T#646519Emanuel Laske"]
[Date "2020.06.02"]
[Round "3"]
[White "Don59as"]
[Black "Bellbox"]
[Result "1-0"]
[WhiteElo "2108"]
[BlackElo "2133"]
[Annotator "NA RC"]
[PlyCount "77"]
[EventDate "2020.06.02"]
[EventType "swiss (blitz)"]

1. c4 {[%emt 0:00:01]} f5 {[%emt 0:00:01]} 2. Nc3 {[%emt 0:00:01]} Nf6 {[%emt 0:00:02]} 3. g3 {[%emt 0:00:01]} e6 {[%emt 0:00:01]} 4. Bg2 {[%emt 0:00:01]} c5 {[%emt 0:00:01]} 5. e3 {[%emt 0:00:02]} Nc6 {[%emt 0:00:01]} 6. Nge2 {[%emt 0:00:01]} Be7 {[%emt 0:00:01]} 7. d4 {[%emt 0:00:01]} cxd4 {[%emt 0:00:01]} 8. Nxd4 {[%emt 0:00:00]} O-O {[%emt 0:00:02]} 9. O-O {[%emt 0:00:01]} g6 {[%emt 0:00:03]} 10. b3 {[%emt 0:00:01]} e5 {[%emt 0:00:01]} 11. Ndb5 {[%emt 0:00:02]} d6 {[%emt 0:00:03]} 12. Ba3 {[%emt 0:00:03]} Ne8 {[%emt 0:00:03]} 13. Nd5 {[%emt 0:00:01]} a6 {[%emt 0:00:04]} 14. Nxe7+ {[%emt 0:00:01]} Qxe7 {[%emt 0:00:01]} 15. Nxd6 {[%emt 0:00:01]} Qf6 {[%emt 0:00:04]} 16. Nxc8 {[%emt 0:00:05]} Rxc8 {[%emt 0:00:01]} 17. Bxf8 {[%emt 0:00:01]} Qxf8 {[%emt 0:00:00]} 18. Qd5+ {[%emt 0:00:01]} Kh8 {[%emt 0:00:02]} 19. Rad1 {[%emt 0:00:01]} e4 {[%emt 0:00:01]} 20. c5 {[%emt 0:00:03]} Nf6 {[%emt 0:00:02]} 21. Qc4 {[%emt 0:00:02]} h5 {[%emt 0:00:02]} 22. Rd6 {[%emt 0:00:02]} Kg7 {[%emt 0:00:02]} 23. Rfd1 {[%emt 0:00:02]} Rc7 {[%emt 0:00:00]} 24. Qc3 {[%emt 0:00:01]} Qf7 {[%emt 0:00:07]} 25. b4 {[%emt 0:00:03]} Re7 {[%emt 0:00:04]} 26. a3 {[%emt 0:00:02]} Ne5 {[%emt 0:00:01]} 27. R1d5 {[%emt 0:00:03]} Nxd5 {[%emt 0:00:01]} 28. Qd4 {[%emt 0:00:04]} Nf6 {[%emt 0:00:01]} 29. Rb6 {[%emt 0:00:02]} Nc6 {[%emt 0:00:01]} 30. Qb2 {[%emt 0:00:02]} Rd7 {[%emt 0:00:00]} 31. h3 {[%emt 0:00:01]} Qd5 {[%emt 0:00:01]} 32. Kh2 {[%emt 0:00:03]} Qd1 {[%emt 0:00:00]} 33. Qb3 {[%emt 0:00:02]} Qd2 {[%emt 0:00:00]} 34. Qe6 {[%emt 0:00:02]} Qxf2 {[%emt 0:00:02]} 35. Rxb7 {[%emt 0:00:01]} Rxb7 {[%emt 0:00:01]} 36. Qxc6 {[%emt 0:00:01]} Rd7 {[%emt 0:00:00]} 37. Qe6 {[%emt 0:00:01]} Rd2 {[%emt 0:00:01]} 38. Qe7+ {[%emt 0:00:01]} Kh6 {[%emt 0:00:02]} 39. Qf8+ {[%emt 0:00:01] Time (Lag: Av=0.58s, max=0.9s)} 1-0

[Event "Stay Safe Play From Home 194"]
[Site "T#646519Emanuel Laske"]
[Date "2020.06.02"]
[Round "3"]
[White "Patzeroglu"]
[Black "Fischer_11"]
[Result "1-0"]
[WhiteElo "1917"]
[BlackElo "2032"]
[Annotator "NA RC"]
[PlyCount "81"]
[EventDate "2020.06.02"]
[EventType "swiss (blitz)"]

1. e4 {[%emt 0:00:02]} Nf6 {[%emt 0:00:06]} 2. Nf3 {[%emt 0:00:00]} Nxe4 {[%emt 0:00:01]} 3. d4 {[%emt 0:00:01]} d5 {[%emt 0:00:01]} 4. Bd3 {[%emt 0:00:00]} Bg4 {[%emt 0:00:02]} 5. O-O {[%emt 0:00:00]} c6 {[%emt 0:00:01]} 6. c4 {[%emt 0:00:02]} e6 {[%emt 0:00:01]} 7. Nc3 {[%emt 0:00:00]} Nxc3 {[%emt 0:00:01]} 8. bxc3 {[%emt 0:00:01]} Be7 {[%emt 0:00:00]} 9. Bf4 {[%emt 0:00:01]} O-O {[%emt 0:00:01]} 10. c5 {[%emt 0:00:00]} Nd7 {[%emt 0:00:01]} 11. Rb1 {[%emt 0:00:00]} b6 {[%emt 0:00:03]} 12. cxb6 {[%emt 0:00:02]} axb6 {[%emt 0:00:00]} 13. h3 {[%emt 0:00:01]} Bxf3 {[%emt 0:00:02]} 14. Qxf3 {[%emt 0:00:00]} Rxa2 {[%emt 0:00:00]} 15. c4 {[%emt 0:00:01]} Bf6 {[%emt 0:00:04]} 16. cxd5 {[%emt 0:00:05]} exd5 {[%emt 0:00:00]} 17. Rfd1 {[%emt 0:00:03]} Re8 {[%emt 0:00:03]} 18. Bd6 {[%emt 0:00:01]} Be7 {[%emt 0:00:05]} 19. Bg3 {[%emt 0:00:02]} Nf6 {[%emt 0:00:01]} 20. Be5 {[%emt 0:00:03] Patzeroglu bietet Remis} c5 {[%emt 0:00:03]} 21. Bb5 {[%emt 0:00:06]} Rf8 {[%emt 0:00:03]} 22. Qb3 {[%emt 0:00:00]} Ra5 {[%emt 0:00:05]} 23. dxc5 {[%emt 0:00:01]} bxc5 {[%emt 0:00:01]} 24. Bxf6 {[%emt 0:00:00]} Bxf6 {[%emt 0:00:01]} 25. Rxd5 {[%emt 0:00:00]} Qb8 {[%emt 0:00:02]} 26. Bc4 {[%emt 0:00:00]} Qxb3 {[%emt 0:00:01]} 27. Rxb3 {[%emt 0:00:00]} Ra1+ {[%emt 0:00:02]} 28. Kh2 {[%emt 0:00:00]} Rc1 {[%emt 0:00:00]} 29. g3 {[%emt 0:00:01]} Rxc4 {[%emt 0:00:01]} 30. Rbd3 {[%emt 0:00:01]} Rd4 {[%emt 0:00:01]} 31. Rd7 {[%emt 0:00:00]} Rxd3 {[%emt 0:00:01]} 32. Rxd3 {[%emt 0:00:00]} Bd4 {[%emt 0:00:00]} 33. Rb3 {[%emt 0:00:01]} Bxf2 {[%emt 0:00:02]} 34. Rb7 {[%emt 0:00:01]} Bd4 {[%emt 0:00:00]} 35. Rc7 {[%emt 0:00:00]} g6 {[%emt 0:00:01]} 36. h4 {[%emt 0:00:00]} Kg7 {[%emt 0:00:00]} 37. h5 {[%emt 0:00:00]} gxh5 {[%emt 0:00:01]} 38. g4 {[%emt 0:00:02]} Re8 {[%emt 0:00:00]} 39. gxh5 {[%emt 0:00:01]} Re3 {[%emt 0:00:00]} 40. h6+ {[%emt 0:00:00]} Kxh6 {[%emt 0:00:01]} 41. Rc6+ {[%emt 0:00:00] Zeit (Lag: Av=0.73s, max=2.6s)} 1-0

[Event "Stay Safe Play From Home 194"]
[Site "T#646519Emanuel Laske"]
[Date "2020.06.02"]
[Round "3"]
[White "Klausen"]
[Black "Edmatuag"]
[Result "0-1"]
[WhiteElo "1812"]
[BlackElo "1620"]
[Annotator "NA RC"]
[PlyCount "124"]
[EventDate "2020.06.02"]
[EventType "swiss (blitz)"]

1. d4 {[%emt 0:00:01]} d6 {[%emt 0:00:01]} 2. Nf3 {[%emt 0:00:01]} g6 {[%emt 0:00:00]} 3. c4 {[%emt 0:00:01]} Bg7 {[%emt 0:00:00]} 4. Nc3 {[%emt 0:00:01]} Nf6 {[%emt 0:00:00]} 5. Bg5 {[%emt 0:00:02]} c6 {[%emt 0:00:01]} 6. e3 {[%emt 0:00:01]} Nbd7 {[%emt 0:00:01]} 7. Be2 {[%emt 0:00:01]} O-O {[%emt 0:00:01]} 8. O-O {[%emt 0:00:02]} h6 {[%emt 0:00:02]} 9. Bh4 {[%emt 0:00:01]} g5 {[%emt 0:00:02]} 10. Bg3 {[%emt 0:00:02]} Nh5 {[%emt 0:00:02]} 11. Qc2 {[%emt 0:00:01]} Nxg3 {[%emt 0:00:02]} 12. hxg3 {[%emt 0:00:02]} Nf6 {[%emt 0:00:03]} 13. Rfd1 {[%emt 0:00:03]} Bg4 {[%emt 0:00:03]} 14. Rac1 {[%emt 0:00:02]} e6 {[%emt 0:00:02]} 15. e4 {[%emt 0:00:03]} d5 {[%emt 0:00:02]} 16. cxd5 {[%emt 0:00:02]} cxd5 {[%emt 0:00:01]} 17. e5 {[%emt 0:00:01]} Nd7 {[%emt 0:00:06]} 18. Qb3 {[%emt 0:00:02]} Qb6 {[%emt 0:00:03]} 19. Qxb6 {[%emt 0:00:02]} Nxb6 {[%emt 0:00:00]} 20. Nb5 {[%emt 0:00:02]} Bxf3 {[%emt 0:00:04]} 21. Bxf3 {[%emt 0:00:02]} Rac8 {[%emt 0:00:01]} 22. Nd6 {[%emt 0:00:02]} Rxc1 {[%emt 0:00:04]} 23. Rxc1 {[%emt 0:00:02]} Rb8 {[%emt 0:00:00]} 24. b3 {[%emt 0:00:01]} Bf8 {[%emt 0:00:02]} 25. Rc7 {[%emt 0:00:02]} Bxd6 {[%emt 0:00:02]} 26. exd6 {[%emt 0:00:01]} Rd8 {[%emt 0:00:02]} 27. Rxb7 {[%emt 0:00:01]} Rd7 {[%emt 0:00:03]} 28. Rxd7 {[%emt 0:00:02]} Nxd7 {[%emt 0:00:00]} 29. Be2 {[%emt 0:00:01]} Kf8 {[%emt 0:00:00]} 30. Bb5 {[%emt 0:00:01]} Ke8 {[%emt 0:00:01]} 31. Kf1 {[%emt 0:00:01]} Kd8 {[%emt 0:00:01]} 32. f4 {[%emt 0:00:00]} Nb6 {[%emt 0:00:03]} 33. f5 {[%emt 0:00:01]} Nc8 {[%emt 0:00:02]} 34. Kf2 {[%emt 0:00:00]} Nxd6 {[%emt 0:00:01]} 35. fxe6 {[%emt 0:00:00]} Nxb5 {[%emt 0:00:01]} 36. exf7 {[%emt 0:00:01]} Ke7 {[%emt 0:00:00]} 37. Kf3 {[%emt 0:00:00]} Kxf7 {[%emt 0:00:01]} 38. Kg4 {[%emt 0:00:00]} Kg6 {[%emt 0:00:00]} 39. Kf3 {[%emt 0:00:01]} Nxd4+ {[%emt 0:00:00]} 40. Ke3 {[%emt 0:00:00]} Nf5+ {[%emt 0:00:00]} 41. Ke2 {[%emt 0:00:00]} Nxg3+ {[%emt 0:00:01]} 42. Kf2 {[%emt 0:00:00]} Ne4+ {[%emt 0:00:00]} 43. Ke1 {[%emt 0:00:00]} Nc3 {[%emt 0:00:00]} 44. g3 {[%emt 0:00:00]} Nxa2 {[%emt 0:00:00]} 45. Kf2 {[%emt 0:00:00]} Nb4 {[%emt 0:00:00]} 46. Kg2 {[%emt 0:00:00]} Nc6 {[%emt 0:00:00]} 47. Kh2 {[%emt 0:00:00]} a5 {[%emt 0:00:00]} 48. Kg2 {[%emt 0:00:00]} Nd4 {[%emt 0:00:00]} 49. Kf2 {[%emt 0:00:00]} Nxb3 {[%emt 0:00:00]} 50. Ke3 {[%emt 0:00:00]} Nc5 {[%emt 0:00:00]} 51. Kd4 {[%emt 0:00:01]} a4 {[%emt 0:00:00]} 52. Kxd5 {[%emt 0:00:00]} a3 {[%emt 0:00:00]} 53. Kxc5 {[%emt 0:00:00]} a2 {[%emt 0:00:00]} 54. Kc4 {[%emt 0:00:00]} a1=Q {[%emt 0:00:00]} 55. Kd5 {[%emt 0:00:00]} Qg1 {[%emt 0:00:01]} 56. Ke6 {[%emt 0:00:01]} Qxg3 {[%emt 0:00:00]} 57. Ke7 {[%emt 0:00:01]} Qf3 {[%emt 0:00:00]} 58. Ke6 {[%emt 0:00:00]} g4 {[%emt 0:00:00]} 59. Kd7 {[%emt 0:00:00]} g3 {[%emt 0:00:00]} 60. Ke6 {[%emt 0:00:00]} g2 {[%emt 0:00:00]} 61. Ke7 {[%emt 0:00:00]} g1=Q {[%emt 0:00:00]} 62. Ke6 {[%emt 0:00:00]} Qe1+ {[%emt 0:00:00] Zeit (Lag: Av=0.30s, max=0.6s)} 0-1

[Event "Stay Safe Play From Home 194"]
[Site "T#646519Emanuel Laske"]
[Date "2020.06.02"]
[Round "3"]
[White "Emresenar"]
[Black "Lucknow"]
[Result "1-0"]
[WhiteElo "1759"]
[BlackElo "1919"]
[Annotator "TA"]
[PlyCount "39"]
[EventDate "2020.06.02"]
[EventType "swiss (blitz)"]

{[%evp 9,39,22,31,12,12,0,7,5,12,-13,-20,-20,0,-7,10,20,17,-15,-18,-16,113,94,91,0,0,0,0,-48,748,458,830,822]} 1. e4 c5 2. Nf3 d6 3. Bb5+ Bd7 4. Bxd7+ Qxd7 5. O-O e6 6. Re1 {B52: Sicilian: Moscow Variation with 3...Bd7.} Nf6 7. e5 dxe5 8. Nxe5 {The position is equal.} Qc7 9. d4 {[#]} cxd4 $146 ({Predecessor:} 9... Nc6 10. Bf4 Bd6 11. Na3 Bxe5 12. dxe5 O-O 13. Nb5 Qb8 14. Bg3 Rd8 15. Qf3 Nd5 16. Re4 Nde7 {1-0 (32) Bapat,U (2110)-Kahn,A (2203) ICC INT 2008}) 10. Qxd4 Be7 11. Bf4 $132 {[%mdl 2048] [#] And now Nxf7! would win. White is not holding back} Qb6 12. Qxb6 axb6 13. Nd2 Nc6 14. Ndc4 O-O (14... b5 $11 {keeps the balance.} 15. Nxc6 bxc4 16. Nxe7 Kxe7) 15. Nxb6 {[#] Nxc6 is the strong threat.} Ra6 16. Nbd7 ({White should try} 16. Nxc6 $16 bxc6 17. Nc4) 16... Nxd7 $11 17. Nxd7 Rd8 18. Ne5 Rd2 $2 {[%mdl 8192]} (18... Nd4 $15 19. Rac1 Rxa2) 19. Nxc6 bxc6 (19... Rxc2 $142 20. Nxe7+ Kf8) 20. Bxd2 {Accuracy: White = 45%, Black = 60%.} 1-0